| 000 | 00375nam a22001337a 4500 | ||
|---|---|---|---|
| 082 |
_a512.904 _bDIL _cL-1, P-11 |
||
| 100 |
_aMohammad, Dil _939153 |
||
| 245 |
_aIntermediate Algebra _cDil Mohammad, Jodh Singh |
||
| 260 |
_aLahore _bUttar Chand Kapur & Sons _c1947 |
||
| 300 | _a293 p. : | ||
| 526 |
_a0 _b0 _c0 _d512_904000000000000_DIL |
||
| 650 |
_aMCE _9379 |
||
| 942 |
_2ddc _cBK |
||
| 999 |
_c543687 _d543687 |
||